[Event "SVK-ch U18/20"]
[Site "Tatralandia"]
[Date "2024.04.10"]
[Round "7"]
[White "Rak, Martin"]
[Black "Oslej, Marek"]
[Result "1/2-1/2"]
[WhiteElo "2221"]
[BlackElo "1806"]
[PlyCount "194"]
[EventDate "2024.04.05"]
[EventType "swiss"]
[EventRounds "9"]
[EventCountry "SVK"]
[SourceTitle "CB16_2024"]
[SourceDate "2024.04.17"]
[SourceVersion "1"]
[SourceVersionDate "2024.04.17"]
[SourceQuality "1"]

1. d4 Nf6 2. c4 e6 3. Nc3 Bb4 4. a3 Bxc3+ 5. bxc3 d5 6. cxd5 exd5 7. e3 Bf5 8. Qb3 Qc8 9. Nf3 h6 10. c4 c6 11. Bd2 Be6 12. Rb1 b6 13. Ne5 Nbd7 14. cxd5 Bxd5 15. Nc4 0-0 16. Qb2 Ne4 17. Bc1 Qd8 18. Bd3 Qg5 19. 0-0 Nec5 20. f4 Nxd3 21. fxg5 Nxb2 22. Nxb2 hxg5 23. Na4 Be4 24. Rb2 f5 25. Bd2 Nf6 26. Nc3 Bd3 27. Rd1 Ne4 28. Be1 Bc4 29. Nxe4 fxe4 30. Bb4 Rf5 31. Rf2 Rxf2 32. Kxf2 Kf7 33. Rc1 Bd5 34. Kg3 Kg6 35. Rf1 a5 36. Bd6 b5 37. Bc5 Rb8 38. Rb1 Bc4 39. Rb2 Rb7 40. Rb1 Rb8 41. Rc1 Bd5 42. Rb1 Ra8 43. Kf2 Kf5 44. Kg3 Kg6 45. Kf2 Rb8 46. Kg3 Rb7 47. Bd6 Bc4 48. Rc1 Rf7 49. Bc5 Rf1 50. Rxf1 Bxf1 51. Kf2 Bc4 52. Kg3 Kh5 53. Bd6 Kg6 54. Bc5 Be6 55. Kf2 Bf5 56. Ke2 Kf7 57. Kd2 Bg4 58. Kc3 Be2 59. Bb6 a4 60. Kb4 Ke6 61. Bd8 Bf1 62. Kc5 Kd7 63. Bxg5 Bxg2 64. d5 cxd5 65. Kxb5 Bf1+ 66. Kxa4 Kc6 67. Kb4 Ba6 68. Kc3 g6 69. Kd4 Bc8 70. Be7 Bg4 71. a4 Bd1 72. a5 Be2 73. h4 Bf3 74. Bb4 Be2 75. Ke5 Bf3 76. Bc3 Be2 77. Bd4 Kb5 78. Bb6 Kc6 79. Kf6 Bh5 80. Bd8 Kb7 81. Ke6 Ka6 82. Kd6 Bg4 83. Kc5 Be6 84. Bb6 Bg4 85. Kd4 Be6 86. Ke5 Bg4 87. Kf4 Bf3 88. Bd8 Kb7 89. Ke5 Bg4 90. Kxd5 Bf3 91. Ke5 Ka6 92. Kf6 Bh5 93. Ke5 Bf3 94. Kf6 Bh5 95. Ke5 Bf3 96. Kf6 Bh5 97. Ke5 Bf3 1/2-1/2

[Event "SVK-ch U18/20"]
[Site "Tatralandia"]
[Date "2024.04.09"]
[Round "6"]
[White "Oslej, Marek"]
[Black "Volanek, Maros"]
[Result "1-0"]
[WhiteElo "1806"]
[BlackElo "1822"]
[PlyCount "83"]
[EventDate "2024.04.05"]
[EventType "swiss"]
[EventRounds "9"]
[EventCountry "SVK"]
[SourceTitle "CB16_2024"]
[SourceDate "2024.04.17"]
[SourceVersion "1"]
[SourceVersionDate "2024.04.17"]
[SourceQuality "1"]

1. e4 e6 2. d4 d5 3. Nc3 Bb4 4. e5 c5 5. a3 cxd4 6. axb4 dxc3 7. bxc3 Qc7 8. Qd4 Nc6 9. Bb5 Nge7 10. f4 Bd7 11. Bxc6 Nxc6 12. Qe3 0-0 13. Nf3 a6 14. 0-0 Na7 15. Nd4 Nb5 16. Nxb5 Bxb5 17. Rf3 Rac8 18. Bd2 Qe7 19. Qf2 Rc4 20. Be3 Rfc8 21. Bd4 Bd7 22. Rg3 R8c6 23. Rg4 Kh8 24. Qg3 Qf8 25. Bc5 R6xc5 26. bxc5 Qxc5+ 27. Qf2 Rxc3 28. Qxc5 Rxc5 29. Ra2 a5 30. Rg3 a4 31. Kf2 b5 32. Ke2 Kg8 33. Kd2 Kf8 34. Rc3 Rxc3 35. Kxc3 Ke7 36. Kb4 Kd8 37. Ra3 g6 38. g4 h6 39. Rh3 g5 40. Rxh6 gxf4 41. Rf6 Ke7 42. g5 1-0

[Event "Skalica op-B"]
[Site "Skalica"]
[Date "2023.08.23"]
[Round "5"]
[White "Oslej, Marek"]
[Black "Durana, Jonas"]
[Result "0-1"]
[WhiteElo "1440"]
[BlackElo "1891"]
[PlyCount "60"]
[EventDate "2023.08.19"]
[EventType "swiss"]
[EventRounds "9"]
[EventCountry "SVK"]
[SourceTitle "CBM 215 Extra"]
[Source "ChessBase"]
[SourceDate "2023.09.30"]
[SourceVersion "1"]
[SourceVersionDate "2023.09.30"]
[SourceQuality "1"]

1. e4 c5 2. Nf3 d6 3. Bb5+ Nd7 4. 0-0 Ngf6 5. Nc3 a6 6. Bxd7+ Bxd7 7. e5 dxe5 8. Nxe5 Be6 9. d3 g6 10. Be3 Qd6 11. f4 Bg7 12. Qf3 Bd5 13. Ne4 Nxe4 14. dxe4 Be6 15. Rad1 Qc7 16. Nd3 b6 17. f5 Bc4 18. e5 0-0 19. f6 exf6 20. exf6 Bh8 21. Qg4 Bxd3 22. Rxd3 Qe5 23. Bg5 Qxb2 24. Qh4 Rad8 25. Qh6 Rxd3 26. cxd3 Qd4+ 27. Kh1 Re8 28. h4 Qxd3 29. Rg1 Qf5 30. g4 Qf3+ 0-1

[Event "SVK-chT4 A21 1819"]
[Site "Slovakia"]
[Date "2018.11.11"]
[Round "3.5"]
[White "Oslej, Marek"]
[Black "Fajtakova, Silvia"]
[Result "0-1"]
[WhiteElo "1253"]
[BlackElo "1400"]
[PlyCount "108"]
[EventDate "2018.10.14"]
[EventType "team-tourn"]
[EventRounds "11"]
[EventCountry "SVK"]
[SourceTitle "CBM 189 Extra"]
[Source "ChessBase"]
[SourceDate "2019.06.03"]
[SourceVersion "1"]
[SourceVersionDate "2019.06.03"]
[SourceQuality "1"]
[WhiteTeam "Senica CVC II"]
[BlackTeam "Stefanov"]
[WhiteTeamCountry "SVK"]
[BlackTeamCountry "SVK"]

1. e4 e5 2. Nf3 Nc6 3. Bc4 Be7 4. c3 Nf6 5. d3 0-0 6. 0-0 h6 7. Be3 d6 8. h3 Na5 9. Bb5 c6 10. Ba4 b5 11. Bc2 Qc7 12. Re1 d5 13. Nbd2 Bb7 14. b4 d4 15. Nf1 dxe3 16. Nxe3 Bd6 17. bxa5 Qxa5 18. d4 Qxc3 19. dxe5 Bxe5 20. Nxe5 Qxe5 21. Nf1 Rad8 22. Qf3 c5 23. Ng3 a6 24. a3 Qb2 25. Qb3 Qxb3 26. Bxb3 c4 27. Bc2 Rd2 28. Ra2 Re8 29. e5 Nd5 30. Bh7+ Kxh7 31. Rxd2 a5 32. Ne4 Bc6 33. Nd6 Re7 34. Nc8 Rc7 35. Nd6 Nf4 36. Ne4 Nd3 37. Re3 Re7 38. Rde2 Rxe5 39. Nd6 Rc5 40. Ne4 Bxe4 41. Rxe4 c3 42. Rc2 b4 43. axb4 axb4 44. Rd4 b3 45. Re2 c2 46. Rxd3 c1Q+ 47. Kh2 Qf4+ 48. g3 Qb4 49. Rf3 Rc2 50. Re5 Qd4 51. Ref5 b2 52. Rxf7 b1Q 53. R3f4 Qdd1 54. h4 Qh1# 0-1

[Event "SVK-chT5 1718"]
[Site "Slovakia"]
[Date "2017.11.04"]
[Round "2"]
[White "Oslej, Marek"]
[Black "Buraj, Patrik"]
[Result "1-0"]
[WhiteElo "1225"]
[BlackElo "1000"]
[PlyCount "97"]
[EventDate "2017.10.21"]
[EventType "team-tourn"]
[EventRounds "9"]
[EventCountry "SVK"]
[SourceTitle "EXT 2019"]
[Source "ChessBase"]
[SourceDate "2018.10.10"]
[SourceVersion "1"]
[SourceVersionDate "2018.10.10"]
[SourceQuality "1"]
[WhiteTeam "Senica III"]
[BlackTeam "Borsky Mikulas"]
[WhiteTeamCountry "SVK"]
[BlackTeamCountry "SVK"]

1. e4 e5 2. Nf3 Nc6 3. Bc4 Bc5 4. c3 Nf6 5. d4 d6 6. Bg5 exd4 7. cxd4 Bb6 8. Nc3 Bg4 9. h3 Bxf3 10. Qxf3 Qe7 11. Bxf6 gxf6 12. Nd5 Qe6 13. Nxc7+ Bxc7 14. Bxe6 fxe6 15. Qxf6 Rf8 16. Qxe6+ Ne7 17. Qb3 Rb8 18. 0-0 b6 19. Qa4+ Kd8 20. Rac1 a5 21. Qc2 Rc8 22. Qd3 Re8 23. Qa3 Rf8 24. Rfe1 Ng6 25. Qg3 d5 26. Qg5+ Ke8 27. exd5+ Kf7 28. Rc6 Bd8 29. Qg4 Bc7 30. Qd7+ Kg8 31. Rxc7 Rxc7 32. Qxc7 Rf7 33. Qb8+ Rf8 34. Qxb6 a4 35. Qa5 a3 36. Qxa3 Kg7 37. d6 Kg8 38. d7 Kg7 39. Re8 Rxe8 40. dxe8Q Kh6 41. Qae3+ Kg7 42. Qd7+ Kf6 43. Qf3+ Kg5 44. Qff5+ Kh6 45. g4 Nf8 46. g5+ Kh5 47. g6+ Kh6 48. Qxf8+ Kh5 49. Qg4# 1-0

[Event "SVK-chT5 1516"]
[Site "Slovakia"]
[Date "2015.12.19"]
[Round "4.5"]
[White "Blanarik, Dominik"]
[Black "Oslej, Marek"]
[Result "1-0"]
[WhiteElo "1524"]
[BlackElo "1092"]
[PlyCount "87"]
[EventDate "2015.10.24"]
[EventType "team-tourn"]
[EventRounds "9"]
[EventCountry "SVK"]
[SourceTitle "CBM 170 Extra"]
[Source "ChessBase"]
[SourceDate "2016.02.25"]
[SourceVersion "1"]
[SourceVersionDate "2016.02.25"]
[SourceQuality "1"]
[WhiteTeam "Kopcany"]
[BlackTeam "Senica Intechess"]
[WhiteTeamCountry "SVK"]
[BlackTeamCountry "SVK"]

1. e4 e5 2. Nf3 Nc6 3. Nc3 Nf6 4. Bc4 Bc5 5. 0-0 d6 6. d3 0-0 7. Bg5 h6 8. Bxf6 Qxf6 9. Nd5 Qd8 10. a3 Be6 11. c3 a6 12. b4 Ba7 13. Qb3 b5 14. Nxc7 Qxc7 15. Bxe6 fxe6 16. Qxe6+ Rf7 17. Ra2 Qe7 18. Qd5 Rc8 19. g3 Qf6 20. Nh4 Nd8 21. Nf5 Nb7 22. Rc2 Rd8 23. c4 bxc4 24. Rxc4 Rdf8 25. Rc7 Rb8 26. Rxf7 Qxf7 27. Qc6 Qf6 28. Qxa6 Bd4 29. Qc4+ Kh7 30. Qc7 Qf8 31. Nxg7 Qxg7 32. Qxb8 Bb2 33. a4 Ba3 34. b5 Nc5 35. Qxd6 Qg4 36. a5 Qf3 37. a6 Nxa6 38. Qxa3 Nb8 39. Qa7+ Kg6 40. Qxb8 Qxd3 41. Qxe5 Kh7 42. Rc1 Qa3 43. Rc7+ Kg6 44. Qf5# 1-0